The elements of land surveying (Record no. 113844)

MARC details
000 -LEADER
fixed length control field 00615cam a22001935a 4500
001 - CONTROL NUMBER
control field L155812
008 - FIXED-LENGTH DATA ELEMENTS--GENERAL INFORMATION
fixed length control field 120417s1817 xxk f 000 0 eng d
035 ## - SYSTEM CONTROL NUMBER
System control number (Sirsi) u155812
041 0# - LANGUAGE CODE
Language code of text/sound track or separate title eng
100 1# - MAIN ENTRY--PERSONAL NAME
Personal name Crocker, Abraham
245 04 - TITLE STATEMENT
Title The elements of land surveying
Remainder of title designed principally for the use of schools and students
250 ## - EDITION STATEMENT
Edition statement Fourth edition
260 ## - PUBLICATION, DISTRIBUTION, ETC.
Place of publication, distribution, etc. London
Name of publisher, distributor, etc. Longman, Hurst, Rees, Orme, Brown
Date of publication, distribution, etc. 1817
300 ## - PHYSICAL DESCRIPTION
Extent xii, 303 p.
Other physical details ill., map
Dimensions 19 cm.
583 ## - ACTION NOTE
Action Condition reviewed
Time/date of action 20120620
Status condition level 3
651 #4 - SUBJECT ADDED ENTRY--GEOGRAPHIC NAME
Geographic name Great Britain
Chronological subdivision 1707-
690 ## - LOCAL SUBJECT ADDED ENTRY--TOPICAL TERM (OCLC, RLIN)
Topical term or geographic name as entry element Measurement
9 (RLIN) 6256
942 ## - ADDED ENTRY ELEMENTS (KOHA)
Suppress in OPAC 0
Holdings
Withdrawn status Lost status Damaged status Not for loan Home library Current library Shelving location Date acquired Total Checkouts Full call number Barcode Date last seen Copy number Price effective from Koha item type
        Historic collection Historic collection Historic collection 17/04/2012   PRICE OCTAVO 1817 CROCKER 30076752 06/08/2019 1 06/08/2019 Book